[Event "20. Obert Int. Sant Marti 2018"]
[Site "Barcelona ESP"]
[Date "2018.07.19"]
[Round "7.10"]
[White "Serarols Mabras, Bernat"]
[Black "Perez Mitjans, Orelvis"]
[Result "0-1"]
[WhiteElo "2269"]
[BlackElo "2399"]
[PlyCount "80"]
[EventDate "2018.07.13"]
[EventType "swiss"]
[EventRounds "9"]
[EventCountry "ESP"]
[SourceTitle "Ajedrez en Madrid"]
[Source "lmi"]
[SourceDate "2018.07.13"]
[SourceVersion "1"]
[SourceVersionDate "2019.06.21"]
[SourceQuality "1"]

1. d4 Nf6 2. c4 c5 3. d5 e6 4. Nc3 exd5 5. cxd5 g6 6. e4 d6 7. Bd3 Bg7 8. h3
O-O 9. Nf3 b5 10. Nxb5 Nxe4 11. Bxe4 Re8 12. Ng5 Qa5+ 13. Nc3 Ba6 14. Qf3 f5
15. Kd1 Bxc3 16. Qxc3 Qxc3 17. bxc3 fxe4 18. Ne6 Rc8 19. Bf4 Bc4 20. Bxd6 Na6
21. Re1 Bxd5 22. Nf4 Bf7 23. Kc1 Rc6 24. Be7 Re8 25. Bg5 Nc7 26. Kc2 Kg7 27.
Ne2 Bc4 28. Nc1 h6 29. Be3 Nd5 30. Rb1 Re7 31. Rb8 Rf7 32. Kd2 Rb6 33. Rxb6
axb6 34. a4 Ra7 35. Kc2 Rxa4 36. Bd2 g5 37. Rxe4 Bb3+ 38. Nxb3 Rxe4 39. Kd3 Ra4
40. Nc1 Nf4+ 0-1

[Event "20. Obert Int. Sant Marti 2018"]
[Site "Barcelona ESP"]
[Date "2018.07.19"]
[Round "7.11"]
[White "Alarcon Casellas, Rolando"]
[Black "Blasco Coll, Andreu"]
[Result "1/2-1/2"]
[WhiteElo "2389"]
[BlackElo "2242"]
[PlyCount "78"]
[EventDate "2018.07.13"]
[EventType "swiss"]
[EventRounds "9"]
[EventCountry "ESP"]
[SourceTitle "Ajedrez en Madrid"]
[Source "lmi"]
[SourceDate "2018.07.13"]
[SourceVersion "1"]
[SourceVersionDate "2019.06.21"]
[SourceQuality "1"]

1. d4 d5 2. c4 e6 3. Nc3 Nf6 4. Bg5 Be7 5. cxd5 exd5 6. Qc2 c6 7. Nf3 Nbd7 8.
e3 h6 9. Bf4 Nh5 10. O-O-O Nxf4 11. exf4 O-O 12. Kb1 Bd6 13. g3 Re8 14. Ne5 Nf8
15. Bd3 a5 16. Rhe1 a4 17. a3 Bd7 18. Nxa4 Qa5 19. Nc5 Bg4 20. Rc1 Bc8 21. Bf5
Bxc5 22. dxc5 Bxf5 23. Qxf5 f6 24. Nf3 Rxe1 25. Nxe1 Re8 26. Nd3 Qb5 27. Nb4
Re4 28. Qh5 Re2 29. Qf3 Ne6 30. a4 Rxb2+ 31. Kxb2 Qxb4+ 32. Qb3 Qd4+ 33. Qc3
Qxa4 34. Re1 Nd4 35. Kc1 Nb3+ 36. Kb2 Nd4 37. Kc1 Nb3+ 38. Kb2 Nd4 39. Kc1 Nb3+
1/2-1/2

[Event "20. Obert Int. Sant Marti 2018"]
[Site "Barcelona ESP"]
[Date "2018.07.19"]
[Round "7.12"]
[White "Vidarte Morales, Arturo"]
[Black "Marzo Pie, Xavier"]
[Result "1-0"]
[WhiteElo "2381"]
[BlackElo "2206"]
[PlyCount "43"]
[EventDate "2018.07.13"]
[EventType "swiss"]
[EventRounds "9"]
[EventCountry "ESP"]
[SourceTitle "Ajedrez en Madrid"]
[Source "lmi"]
[SourceDate "2018.07.13"]
[SourceVersion "1"]
[SourceVersionDate "2019.06.21"]
[SourceQuality "1"]

1. d4 d6 2. e4 Nf6 3. f3 d5 4. e5 Ng8 5. f4 Bf5 6. Nf3 e6 7. Be3 a6 8. Nbd2 b6
9. Be2 c5 10. c4 Ne7 11. dxc5 Nbc6 12. cxb6 d4 13. Nxd4 Nxd4 14. Qa4+ Ndc6 15.
Bf3 Qd7 16. Rd1 O-O-O 17. Nb3 Nd5 18. cxd5 Nb4 19. Qxd7+ Rxd7 20. d6 f6 21. Nc5
fxe5 22. b7+ 1-0

[Event "20. Obert Int. Sant Marti 2018"]
[Site "Barcelona ESP"]
[Date "2018.07.19"]
[Round "7.13"]
[White "Glimbrant, Torbjorn"]
[Black "Ryan, Joseph"]
[Result "0-1"]
[WhiteElo "2213"]
[BlackElo "2273"]
[PlyCount "112"]
[EventDate "2018.07.13"]
[EventType "swiss"]
[EventRounds "9"]
[EventCountry "ESP"]
[SourceTitle "Ajedrez en Madrid"]
[Source "lmi"]
[SourceDate "2018.07.13"]
[SourceVersion "1"]
[SourceVersionDate "2019.06.21"]
[SourceQuality "1"]

1. c4 e5 2. Nc3 Nc6 3. g3 Bc5 4. Bg2 a6 5. Nf3 d6 6. e3 Nf6 7. O-O O-O 8. d4
Ba7 9. h3 h6 10. a3 Bf5 11. b4 Re8 12. Bb2 Rb8 13. Rc1 e4 14. Nd2 Qd7 15. g4
Bg6 16. Ne2 d5 17. cxd5 Nxd5 18. Ng3 Nf6 19. Qe2 Re7 20. Rfd1 Rbe8 21. Nb3 Qd5
22. Nc5 Nd8 23. a4 c6 24. Rb1 Bb8 25. Ba3 Bd6 26. Bc1 Qg5 27. b5 axb5 28. axb5
h5 29. bxc6 bxc6 30. Nf5 Bxf5 31. gxf5 Qxf5 32. Bd2 Bxc5 33. dxc5 Ne6 34. Bc3
Ng5 35. Rd6 Nf3+ 36. Kf1 Nd5 37. Ba1 Re6 38. Rd1 Kh7 39. Qb2 f6 40. Qb7 Nh4 41.
R1xd5 cxd5 42. Rd7 Qg5 43. Bh1 Nf3 44. Ke2 d4 45. Bxd4 Nxd4+ 46. exd4 e3 47. f4
Qf5 48. Qb3 Qxf4 49. Qb1+ f5 50. Bf3 Qh2+ 51. Kd3 e2 52. Kc4 Qf4 53. Qb7 Rg6
54. Bxh5 Qc1+ 55. Kd5 Qh1+ 56. Kc4 Qxb7 0-1

[Event "20. Obert Int. Sant Marti 2018"]
[Site "Barcelona ESP"]
[Date "2018.07.19"]
[Round "7.14"]
[White "Iniyan, P."]
[Black "Low, Kevin"]
[Result "1-0"]
[WhiteElo "2451"]
[BlackElo "2122"]
[PlyCount "57"]
[EventDate "2018.07.13"]
[EventType "swiss"]
[EventRounds "9"]
[EventCountry "ESP"]
[SourceTitle "Ajedrez en Madrid"]
[Source "lmi"]
[SourceDate "2018.07.13"]
[SourceVersion "1"]
[SourceVersionDate "2019.06.21"]
[SourceQuality "1"]

1. d4 Nf6 2. c4 e6 3. Nc3 Bb4 4. e3 O-O 5. Bd3 c5 6. Nf3 b6 7. O-O Bxc3 8. bxc3
Bb7 9. Nd2 Nc6 10. f4 d6 11. Qe1 e5 12. d5 Ne7 13. Qg3 exf4 14. exf4 b5 15.
cxb5 Nexd5 16. c4 Nb6 17. a4 d5 18. Bb2 d4 19. a5 Nbd7 20. a6 Bc8 21. f5 Rb8
22. Nb3 Nh5 23. Qh3 g6 24. g4 Ng7 25. Bc1 Rb6 26. Bf4 g5 27. f6 Nxf6 28. Bxg5
h5 29. Qh4 1-0

[Event "20. Obert Int. Sant Marti 2018"]
[Site "Barcelona ESP"]
[Date "2018.07.19"]
[Round "7.15"]
[White "Vatsal, Singhania"]
[Black "Krysa, Leandro"]
[Result "0-1"]
[WhiteElo "2194"]
[BlackElo "2533"]
[PlyCount "76"]
[EventDate "2018.07.13"]
[EventType "swiss"]
[EventRounds "9"]
[EventCountry "ESP"]
[SourceTitle "Ajedrez en Madrid"]
[Source "lmi"]
[SourceDate "2018.07.13"]
[SourceVersion "1"]
[SourceVersionDate "2019.06.21"]
[SourceQuality "1"]

1. e4 c6 2. d4 d5 3. Nc3 dxe4 4. Nxe4 Bf5 5. Ng3 Bg6 6. Nf3 Nd7 7. h4 h6 8. h5
Bh7 9. Bd3 Bxd3 10. Qxd3 e6 11. Bd2 a5 12. O-O-O Bb4 13. c3 Be7 14. Rhe1 Ngf6
15. c4 b5 16. Ne5 Nxe5 17. Rxe5 bxc4 18. Qxc4 O-O 19. Ne4 Nd7 20. Qc3 Nxe5 21.
dxe5 Qd5 22. Nf6+ Bxf6 23. exf6 Qxh5 24. fxg7 Rfd8 25. Re1 Rd5 26. Be3 Rad8 27.
f3 Qh4 28. g3 Qa4 29. b3 Qxa2 30. Bxh6 Qa3+ 31. Kb1 Rd3 32. Bc1 Rxc3 33. Bxa3
Rxb3+ 34. Ka2 Rxf3 35. Bb2 Rd2 36. Rh1 Rxb2+ 37. Kxb2 Rxg3 38. Ra1 Rg5 0-1

[Event "20. Obert Int. Sant Marti 2018"]
[Site "Barcelona ESP"]
[Date "2018.07.19"]
[Round "7.16"]
[White "Fernandez Cardoso, Alexey"]
[Black "Harikrishnan.A.Ra"]
[Result "1/2-1/2"]
[WhiteElo "2439"]
[BlackElo "2204"]
[PlyCount "67"]
[EventDate "2018.07.13"]
[EventType "swiss"]
[EventRounds "9"]
[EventCountry "ESP"]
[SourceTitle "Ajedrez en Madrid"]
[Source "lmi"]
[SourceDate "2018.07.13"]
[SourceVersion "1"]
[SourceVersionDate "2019.06.21"]
[SourceQuality "1"]

1. e4 e5 2. Nf3 Nc6 3. Bb5 g6 4. O-O Bg7 5. c3 a6 6. Ba4 Nge7 7. d4 exd4 8.
cxd4 b5 9. Bb3 d6 10. a4 b4 11. a5 O-O 12. d5 Ne5 13. Nxe5 Bxe5 14. Nd2 Bg7 15.
Nc4 Kh8 16. Bf4 f5 17. e5 dxe5 18. Bxe5 Qxd5 19. Bxg7+ Kxg7 20. Qe1 Nc6 21. Rd1
Qe6 22. Qd2 f4 23. Nb6 Qxb3 24. Nxa8 Qf7 25. Qd3 Bb7 26. Qh3 Nb8 27. Nxc7 Qxc7
28. Rfe1 Rf7 29. Re8 Nd7 30. Rde1 Nf6 31. R8e5 Bc8 32. Qh4 h6 33. f3 Qa7+ 34.
Qf2 1/2-1/2

[Event "20. Obert Int. Sant Marti 2018"]
[Site "Barcelona ESP"]
[Date "2018.07.19"]
[Round "7.17"]
[White "Deepak, Katiyar"]
[Black "Valenzuela Gomez, Fernando"]
[Result "1/2-1/2"]
[WhiteElo "2108"]
[BlackElo "2389"]
[PlyCount "54"]
[EventDate "2018.07.13"]
[EventType "swiss"]
[EventRounds "9"]
[EventCountry "ESP"]
[SourceTitle "Ajedrez en Madrid"]
[Source "lmi"]
[SourceDate "2018.07.13"]
[SourceVersion "1"]
[SourceVersionDate "2019.06.21"]
[SourceQuality "1"]

1. e4 c5 2. Nf3 d6 3. d4 cxd4 4. Nxd4 Nf6 5. Nc3 a6 6. Be3 e5 7. Nb3 Be6 8. h3
Be7 9. Qf3 Nbd7 10. g4 h6 11. O-O-O Rc8 12. Nd5 Bxd5 13. exd5 Qc7 14. Bd3 a5
15. Nd2 a4 16. a3 O-O 17. h4 e4 18. Nxe4 Nxd5 19. g5 Ne5 20. Qe2 h5 21. Kb1
Nxe3 22. Qxe3 g6 23. Nc3 Ng4 24. Qe2 Bd8 25. f3 Ne5 26. f4 Ng4 27. f5 Ne5
1/2-1/2

[Event "20. Obert Int. Sant Marti 2018"]
[Site "Barcelona ESP"]
[Date "2018.07.19"]
[Round "7.18"]
[White "Sapale, Saloni"]
[Black "Frayna, Janelle Mae"]
[Result "1/2-1/2"]
[WhiteElo "2145"]
[BlackElo "2315"]
[PlyCount "55"]
[EventDate "2018.07.13"]
[EventType "swiss"]
[EventRounds "9"]
[EventCountry "ESP"]
[SourceTitle "Ajedrez en Madrid"]
[Source "lmi"]
[SourceDate "2018.07.13"]
[SourceVersion "1"]
[SourceVersionDate "2019.06.21"]
[SourceQuality "1"]

1. e4 g6 2. d4 Bg7 3. Nc3 d6 4. f4 Nf6 5. Nf3 O-O 6. Bd3 Nc6 7. e5 dxe5 8. fxe5
Nh5 9. Ne2 f6 10. exf6 Bxf6 11. c3 e5 12. O-O Be6 13. Be3 Qd6 14. Qc2 Bd5 15.
Bh6 Bg7 16. Bxg7 Kxg7 17. Be4 Bxe4 18. Qxe4 Rae8 19. Nxe5 Rxf1+ 20. Rxf1 Nxe5
21. dxe5 Qxe5 22. Qxe5+ Rxe5 23. Nd4 c5 24. Nf3 Re2 25. Rf2 Nf4 26. Rxe2 Nxe2+
27. Kf2 Nf4 28. Ne5 1/2-1/2

[Event "20. Obert Int. Sant Marti 2018"]
[Site "Barcelona ESP"]
[Date "2018.07.19"]
[Round "7.19"]
[White "Anuj, Shrivatri"]
[Black "Navarro Lopez-Menchero, Daniel"]
[Result "1/2-1/2"]
[WhiteElo "2094"]
[BlackElo "2297"]
[PlyCount "36"]
[EventDate "2018.07.13"]
[EventType "swiss"]
[EventRounds "9"]
[EventCountry "ESP"]
[SourceTitle "Ajedrez en Madrid"]
[Source "lmi"]
[SourceDate "2018.07.13"]
[SourceVersion "1"]
[SourceVersionDate "2019.06.21"]
[SourceQuality "1"]

1. d4 d5 2. Nf3 Nf6 3. c4 e6 4. e3 dxc4 5. Bxc4 a6 6. O-O b5 7. Be2 Bb7 8. a4
b4 9. b3 Nbd7 10. Bb2 c5 11. Nbd2 Be7 12. Nc4 O-O 13. Nfe5 Qc7 14. Bf3 Rfd8 15.
Qe2 Nxe5 16. Nxe5 Bd6 17. Bxb7 Qxb7 18. Nc4 Be7 1/2-1/2

[Event "20. Obert Int. Sant Marti 2018"]
[Site "Barcelona ESP"]
[Date "2018.07.19"]
[Round "7.20"]
[White "Albero Figueras, Emilio"]
[Black "Saurabh, Anand"]
[Result "0-1"]
[WhiteElo "1968"]
[BlackElo "2258"]
[PlyCount "54"]
[EventDate "2018.07.13"]
[EventType "swiss"]
[EventRounds "9"]
[EventCountry "ESP"]
[SourceTitle "Ajedrez en Madrid"]
[Source "lmi"]
[SourceDate "2018.07.13"]
[SourceVersion "1"]
[SourceVersionDate "2019.06.21"]
[SourceQuality "1"]

1. d4 Nf6 2. e3 d5 3. Nf3 c5 4. Bd3 Bg4 5. Nbd2 Nc6 6. c3 e6 7. Qa4 Nd7 8. O-O
c4 9. Be2 f5 10. Qc2 Bd6 11. a4 O-O 12. h3 Bh5 13. b3 cxb3 14. Nxb3 Qe7 15. Ne5
Bxe2 16. Nxc6 bxc6 17. Qxe2 e5 18. dxe5 Qxe5 19. g3 f4 20. gxf4 Rxf4 21. f3 Rh4
22. f4 Qxc3 23. Rb1 Qf6 24. Bb2 Qe6 25. Rf3 Qg6+ 26. Kh2 Qxb1 27. Qg2 g6 0-1

[Event "20. Obert Int. Sant Marti 2018"]
[Site "Barcelona ESP"]
[Date "2018.07.19"]
[Round "7.22"]
[White "Davtyan, David Arm."]
[Black "Ruperez, Miguel"]
[Result "1-0"]
[WhiteElo "1926"]
[BlackElo "2226"]
[PlyCount "105"]
[EventDate "2018.07.13"]
[EventType "swiss"]
[EventRounds "9"]
[EventCountry "ESP"]
[SourceTitle "Ajedrez en Madrid"]
[Source "lmi"]
[SourceDate "2018.07.13"]
[SourceVersion "1"]
[SourceVersionDate "2019.06.21"]
[SourceQuality "1"]

1. d4 Nf6 2. Nf3 e6 3. g3 b5 4. a4 b4 5. c4 bxc3 6. Nxc3 d5 7. Bg2 Be7 8. O-O
O-O 9. Ne5 Ba6 10. Re1 c6 11. Rb1 Qc8 12. b4 Nbd7 13. e4 Re8 14. Bd2 Nxe5 15.
dxe5 Nxe4 16. Nxe4 dxe4 17. Bxe4 Bb7 18. Qc2 g6 19. Rec1 Qd7 20. a5 Rac8 21.
Be3 Ba8 22. Bc5 Bxc5 23. Qxc5 Red8 24. Rd1 Qxd1+ 25. Rxd1 Rxd1+ 26. Kg2 Rd7 27.
h4 h5 28. Kf3 Rcd8 29. Kf4 Kg7 30. f3 Rb8 31. g4 Rb5 32. Qc3 hxg4 33. Kxg4 Rd8
34. Kf4 Rdb8 35. h5 gxh5 36. Qe1 Rxb4 37. Qg1+ Kf8 38. Kg5 Ke7 39. Qxa7+ R4b7
40. Qc5+ Kd8 41. Qd6+ Kc8 42. Qxc6+ Kd8 43. Qd6+ Kc8 44. Qf8+ Kd7 45. Qxf7+ Kd8
46. Bxb7 Bxb7 47. Qxe6 Ra8 48. Qb6+ Kc8 49. e6 Bxf3 50. a6 Rb8 51. Qc5+ Kd8 52.
Qd6+ Kc8 53. Qd7# 1-0

[Event "20. Obert Int. Sant Marti 2018"]
[Site "Barcelona ESP"]
[Date "2018.07.19"]
[Round "7.23"]
[White "Kumar, Gaurav"]
[Black "Abhishek, Das"]
[Result "0-1"]
[WhiteElo "2074"]
[BlackElo "2325"]
[PlyCount "84"]
[EventDate "2018.07.13"]
[EventType "swiss"]
[EventRounds "9"]
[EventCountry "ESP"]
[SourceTitle "Ajedrez en Madrid"]
[Source "lmi"]
[SourceDate "2018.07.13"]
[SourceVersion "1"]
[SourceVersionDate "2019.06.21"]
[SourceQuality "1"]

1. e4 c5 2. Nf3 Nc6 3. d4 cxd4 4. Nxd4 g6 5. Nc3 Bg7 6. Be3 Nf6 7. Bc4 O-O 8.
Bb3 Re8 9. h4 e6 10. h5 d5 11. Nxc6 bxc6 12. hxg6 hxg6 13. e5 Ne4 14. Nxe4 dxe4
15. Qg4 Qa5+ 16. c3 Qxe5 17. O-O-O Ba6 18. Rh3 Rad8 19. Rdh1 Rd3 20. Bf4 Rxh3
21. Rxh3 Be2 22. Qh4 Qh5 23. Qxh5 Bxh5 24. Re3 f5 25. f3 exf3 26. gxf3 Kh7 27.
Rxe6 Rxe6 28. Bxe6 Bxf3 29. Kd2 Bh6 30. Ke3 Be4 31. a4 Kg7 32. b4 Bxf4+ 33.
Kxf4 Kf6 34. Bc8 g5+ 35. Ke3 Ke5 36. b5 cxb5 37. axb5 g4 38. Kf2 Bd3 39. Bd7
Kf4 40. Bc6 g3+ 41. Kg1 Ke3 42. Kg2 f4 0-1

[Event "20. Obert Int. Sant Marti 2018"]
[Site "Barcelona ESP"]
[Date "2018.07.19"]
[Round "7.24"]
[White "Palacin Martin, Ricardo"]
[Black "Chernyak, Viktoria"]
[Result "0-1"]
[WhiteElo "2044"]
[BlackElo "2206"]
[PlyCount "58"]
[EventDate "2018.07.13"]
[EventType "swiss"]
[EventRounds "9"]
[EventCountry "ESP"]
[SourceTitle "Ajedrez en Madrid"]
[Source "lmi"]
[SourceDate "2018.07.13"]
[SourceVersion "1"]
[SourceVersionDate "2019.06.21"]
[SourceQuality "1"]

1. e4 e6 2. d4 d5 3. Nc3 Bb4 4. exd5 exd5 5. Bd3 Nc6 6. Nge2 Bg4 7. f3 Be6 8.
Be3 Nge7 9. Qd2 Nf5 10. Bf2 Qf6 11. a3 Ba5 12. b4 Bb6 13. Bb5 Nd6 14. Bxc6+
bxc6 15. O-O O-O 16. Na4 Rfe8 17. Nb2 h6 18. Ng3 a5 19. c3 Ra7 20. Nd3 Rea8 21.
Rad1 Nb5 22. Ne5 axb4 23. axb4 Ra2 24. Qd3 R8a3 25. Rc1 Nxd4 26. Ng4 Bxg4 27.
fxg4 Rxf2 28. Rxf2 Nb5 29. Nf5 Bxf2+ 0-1

[Event "20. Obert Int. Sant Marti 2018"]
[Site "Barcelona ESP"]
[Date "2018.07.19"]
[Round "7.25"]
[White "Romero Pallares, Daniel"]
[Black "Anustoop, Biswas"]
[Result "1/2-1/2"]
[WhiteElo "2202"]
[BlackElo "2052"]
[PlyCount "51"]
[EventDate "2018.07.13"]
[EventType "swiss"]
[EventRounds "9"]
[EventCountry "ESP"]
[SourceTitle "Ajedrez en Madrid"]
[Source "lmi"]
[SourceDate "2018.07.13"]
[SourceVersion "1"]
[SourceVersionDate "2019.06.21"]
[SourceQuality "1"]

1. e4 e6 2. d4 d5 3. Bd3 c5 4. exd5 Qxd5 5. Nc3 Qd8 6. Nf3 Nc6 7. dxc5 Bxc5 8.
Qe2 Nf6 9. Bg5 Bb4 10. O-O Bxc3 11. bxc3 h6 12. Bh4 O-O 13. Rab1 Qe7 14. Ne5
Nxe5 15. Qxe5 Rd8 16. Rfe1 g5 17. Bxg5 hxg5 18. Qxg5+ Kf8 19. Qh6+ Ke8 20. Bb5+
Nd7 21. Qh8+ Qf8 22. Qf6 Qe7 23. Qg7 Qf8 24. Qf6 Qe7 25. Qh8+ Qf8 26. Qf6
1/2-1/2

[Event "20. Obert Int. Sant Marti 2018"]
[Site "Barcelona ESP"]
[Date "2018.07.19"]
[Round "7.26"]
[White "Samant, Aditya S"]
[Black "Dahale, Atul"]
[Result "1-0"]
[WhiteElo "2191"]
[BlackElo "2040"]
[PlyCount "109"]
[EventDate "2018.07.13"]
[EventType "swiss"]
[EventRounds "9"]
[EventCountry "ESP"]
[SourceTitle "Ajedrez en Madrid"]
[Source "lmi"]
[SourceDate "2018.07.13"]
[SourceVersion "1"]
[SourceVersionDate "2019.06.21"]
[SourceQuality "1"]

1. e4 c5 2. Nf3 d6 3. d4 cxd4 4. Nxd4 Nf6 5. Nc3 a6 6. h3 e5 7. Nde2 b5 8. g4
b4 9. Nd5 Nxd5 10. Qxd5 Ra7 11. Be3 Be6 12. Qd2 Rb7 13. Bg2 h5 14. g5 Nd7 15.
h4 Qc7 16. O-O Be7 17. c3 a5 18. Rac1 Qb8 19. c4 Nc5 20. f4 Qc7 21. f5 Bd7 22.
Ng3 Kd8 23. Qd5 Ke8 24. Bf3 Bc6 25. Qd1 g6 26. Bg2 Bd8 27. Qf3 Qe7 28. Bxc5
dxc5 29. Rcd1 Rd7 30. Rxd7 Kxd7 31. Bh3 Kc7 32. f6 Qe8 33. Rd1 Kb7 34. Rd3 Bc7
35. Qd1 Qb8 36. Bd7 Rd8 37. Bxc6+ Kxc6 38. Rd5 Qc8 39. Kg2 Kb7 40. Nf1 Kb8 41.
Ne3 Bb6 42. Rxd8 Qxd8 43. Qd5 Qe8 44. Qd6+ Bc7 45. Qxc5 Qd8 46. Qe7 Qd2+ 47.
Kf3 Qh2 48. Qe8+ Kb7 49. Qxf7 Qh3+ 50. Ke2 Qh2+ 51. Kd3 Qxb2 52. Qd5+ Ka7 53.
Qd7 Qb1+ 54. Ke2 Qxa2+ 55. Kf3 1-0

[Event "20. Obert Int. Sant Marti 2018"]
[Site "Barcelona ESP"]
[Date "2018.07.19"]
[Round "7.27"]
[White "Deshpande, Aniruddha"]
[Black "Castrillo Mansego, Pablo"]
[Result "1-0"]
[WhiteElo "2132"]
[BlackElo "2020"]
[PlyCount "93"]
[EventDate "2018.07.13"]
[EventType "swiss"]
[EventRounds "9"]
[EventCountry "ESP"]
[SourceTitle "Ajedrez en Madrid"]
[Source "lmi"]
[SourceDate "2018.07.13"]
[SourceVersion "1"]
[SourceVersionDate "2019.06.21"]
[SourceQuality "1"]

1. d4 Nf6 2. c4 g6 3. g3 Bg7 4. Bg2 d6 5. Nf3 O-O 6. O-O c6 7. Nc3 Nbd7 8. e4
e5 9. h3 Re8 10. Re1 Nf8 11. Be3 exd4 12. Nxd4 Be6 13. b3 Qd7 14. Kh2 Qc7 15.
f4 Rad8 16. Rc1 N6d7 17. f5 gxf5 18. exf5 Bxd4 19. Bxd4 Bxf5 20. Be4 Bg6 21.
Bxg6 Nxg6 22. Ne4 f5 23. Ng5 Nde5 24. Rf1 h6 25. Nf3 Rf8 26. Qc2 Rde8 27. Nxe5
Nxe5 28. Rxf5 Rxf5 29. Qxf5 Rf8 30. Qe6+ Qf7 31. Qxf7+ Rxf7 32. Kg2 c5 33. Bxe5
dxe5 34. Re1 Re7 35. Kf3 Rf7+ 36. Ke4 Rd7 37. Re3 b6 38. Kxe5 Re7+ 39. Kf4 Rf7+
40. Kg4 Rg7+ 41. Kh4 Rd7 42. g4 Kh7 43. Kh5 Rg7 44. h4 Rd7 45. Re6 Kg7 46. Rg6+
Kf7 47. Rxh6 1-0

[Event "20. Obert Int. Sant Marti 2018"]
[Site "Barcelona ESP"]
[Date "2018.07.19"]
[Round "7.28"]
[White "Persson, Andreas"]
[Black "Haak, Eelco"]
[Result "1-0"]
[WhiteElo "2126"]
[BlackElo "2015"]
[PlyCount "87"]
[EventDate "2018.07.13"]
[EventType "swiss"]
[EventRounds "9"]
[EventCountry "ESP"]
[SourceTitle "Ajedrez en Madrid"]
[Source "lmi"]
[SourceDate "2018.07.13"]
[SourceVersion "1"]
[SourceVersionDate "2019.06.21"]
[SourceQuality "1"]

1. d4 g6 2. c4 Bg7 3. Nf3 d6 4. g3 Nf6 5. Bg2 O-O 6. O-O c6 7. Nc3 Nbd7 8. e4
e5 9. h3 a5 10. Be3 Re8 11. Qc2 exd4 12. Nxd4 Nc5 13. Rad1 Qe7 14. Rfe1 Bd7 15.
Bf4 Nh5 16. Nxc6 Qe6 17. Rxd6 Nxf4 18. Rxe6 Nfxe6 19. Nxa5 Rxa5 20. b4 Nd4 21.
Qd1 Ra3 22. Nd5 Nd3 23. Re3 Ba4 24. Qd2 Bc2 25. Bf1 Ne5 26. Qxd4 Nf3+ 27. Rxf3
Bxd4 28. Rxa3 Rxe4 29. Bd3 Re1+ 30. Kg2 Bd1 31. Nc3 Kg7 32. Nb5 Bb2 33. Ra7 Re7
34. Nd6 Be5 35. c5 Bxd6 36. cxd6 Rd7 37. Be4 Be2 38. Rxb7 Rxd6 39. a4 Ba6 40.
Rb8 f5 41. Bf3 Bd3 42. a5 Ra6 43. Rb6 Ra7 44. Rb7+ 1-0

[Event "20. Obert Int. Sant Marti 2018"]
[Site "Barcelona ESP"]
[Date "2018.07.19"]
[Round "7.29"]
[White "Garcia Gil, Javier"]
[Black "Jijo, Joy"]
[Result "1-0"]
[WhiteElo "2110"]
[BlackElo "1969"]
[PlyCount "83"]
[EventDate "2018.07.13"]
[EventType "swiss"]
[EventRounds "9"]
[EventCountry "ESP"]
[SourceTitle "Ajedrez en Madrid"]
[Source "lmi"]
[SourceDate "2018.07.13"]
[SourceVersion "1"]
[SourceVersionDate "2019.06.21"]
[SourceQuality "1"]

1. d4 Nf6 2. c4 g6 3. Nc3 d5 4. cxd5 Nxd5 5. Bd2 Nb6 6. Bg5 Bg7 7. e3 O-O 8.
Nf3 Nc6 9. Bb5 Nb4 10. O-O c6 11. Be2 N4d5 12. Bh4 Bf5 13. Bg3 Nxc3 14. bxc3
Nd5 15. Qb3 Qb6 16. Rfc1 Qxb3 17. axb3 c5 18. Be5 cxd4 19. Bxg7 Nxc3 20. Rxc3
dxc3 21. Bxf8 Kxf8 22. Rc1 Rc8 23. Nd4 Bd7 24. Bb5 Be6 25. Nxe6+ fxe6 26. Kf1
a6 27. Bd7 Rc7 28. Bxe6 b5 29. b4 a5 30. bxa5 b4 31. Bb3 Rc5 32. Ke2 Rxa5 33.
Kd3 Rc5 34. Kc2 Rf5 35. f3 Rh5 36. h3 Rg5 37. g4 h5 38. f4 Rc5 39. Rd1 hxg4 40.
hxg4 Rb5 41. Rd5 Rb6 42. g5 1-0

[Event "20. Obert Int. Sant Marti 2018"]
[Site "Barcelona ESP"]
[Date "2018.07.19"]
[Round "7.30"]
[White "Perez Pastora, Evarist"]
[Black "Supriya, Joshi"]
[Result "0-1"]
[WhiteElo "2103"]
[BlackElo "1941"]
[PlyCount "66"]
[EventDate "2018.07.13"]
[EventType "swiss"]
[EventRounds "9"]
[EventCountry "ESP"]
[SourceTitle "Ajedrez en Madrid"]
[Source "lmi"]
[SourceDate "2018.07.13"]
[SourceVersion "1"]
[SourceVersionDate "2019.06.21"]
[SourceQuality "1"]

1. e4 c6 2. d4 d5 3. exd5 cxd5 4. c4 Nf6 5. Nc3 Nc6 6. Bg5 Be6 7. c5 g6 8. Bxf6
exf6 9. Be2 Bg7 10. Bf3 O-O 11. Nge2 f5 12. O-O g5 13. g3 Qd7 14. Qb3 Rfd8 15.
Rad1 b6 16. Na4 Rab8 17. cxb6 axb6 18. Qe3 h6 19. b3 Re8 20. Qd2 f4 21. Bg2 Bh3
22. f3 Bxg2 23. Kxg2 Ne7 24. Rf2 Nf5 25. Rg1 fxg3 26. hxg3 Re3 27. Nac3 Rbe8
28. Rh1 Qd6 29. g4 Nh4+ 30. Rxh4 gxh4 31. Ne4 R3xe4 32. fxe4 Rxe4 33. Rf4 Rxe2+
0-1

[Event "20. Obert Int. Sant Marti 2018"]
[Site "Barcelona ESP"]
[Date "2018.07.19"]
[Round "7.31"]
[White "Jaeel, Atharva"]
[Black "Kadam, Om Manish"]
[Result "1/2-1/2"]
[WhiteElo "2083"]
[BlackElo "1836"]
[PlyCount "66"]
[EventDate "2018.07.13"]
[EventType "swiss"]
[EventRounds "9"]
[EventCountry "ESP"]
[SourceTitle "Ajedrez en Madrid"]
[Source "lmi"]
[SourceDate "2018.07.13"]
[SourceVersion "1"]
[SourceVersionDate "2019.06.21"]
[SourceQuality "1"]

1. d4 d5 2. c4 e6 3. Nc3 Nf6 4. Nf3 Be7 5. Bg5 O-O 6. e3 c6 7. Qc2 Nbd7 8. Rd1
Re8 9. Bd3 h6 10. Bh4 dxc4 11. Bxc4 b5 12. Bd3 Bb7 13. a3 Qb6 14. O-O a6 15.
Qe2 c5 16. dxc5 Nxc5 17. Bb1 b4 18. axb4 Qxb4 19. Rd4 Bxf3 20. gxf3 Qb7 21. b4
Ncd7 22. Ne4 e5 23. Rc4 Rac8 24. Rfc1 Rxc4 25. Rxc4 a5 26. Bxf6 Nxf6 27. Qc2
Nxe4 28. Rxe4 Bxb4 29. Rc4 Qxf3 30. Qh7+ Kf8 31. Rc7 Qg4+ 32. Kh1 Qd1+ 33. Kg2
Qg4+ 1/2-1/2